000 00660nam a2200205Ia 4500
003 GCL
008 140319s9999 xx 000 0 ara d
020 _a4472208977
040 _aGCL /
_cGCL
082 0 4 _a355.003
_bش م
100 1 _aشريف الحضرى
245 1 0 _aالمعجم العسكرى المصور انجليزى - عربى /
_cشريف الحضرى
250 _aالاولى
260 _aالقاهرة :
_bمكتبة مدبولى ،
_c2004
300 _a1118 ص:
_bايضاحيات ؛
_c32 سم
650 0 4 _aالمعاجم
650 0 4 _aالعسكرية - معاجم
650 0 4 _aالعسكرية، مصطلحات
942 _2ddc
_cBK
999 _c7969
_d7969